00376nam a2200133Ia 45000010005000000080041000050200022000460820020000681000031000882450063001192600017001829010028001999990015002273827241024s9999 xx 000 0 und d a978-9945-457-48-3 aRD/972-07/UT92h aCiprián de (Fray) Utrera 0aHistoria Militar de Santo Domingo. (Documentos y noticias) bBúhoc2014 a22/9/2014 10:46:26 a.m. c7534d7534